000 01096nam0a2200325 4500
001 RU\NLR\bibl\736812
005 20250614001701.0
010 _a5-222-04651-6
_95000
021 _aRU
_b2004-57296
_92820
035 _a(NLR Aleph) 000726729
090 _a737027
_c737027
100 _a20050318d2004 |||y0rusy50 ca
101 0 _arus
102 _aRU
105 _aa |||||||||
200 1 _aВаш дом и сад по системе Фэн-Шуй
_fВ. Ефремова
210 _aРостов на/Д.
_cФеникс
_d2004
215 _a220 с.
_cил.
_d20
225 1 _aСерия Супер!
300 _aНа обл. авт. не указан
606 1 _aЗдоровье
_xВлияние фэн-шуй
_92211826
_3RU\NLR\auth\661328653
606 1 _aФэн-шуй
_xПрименение в приусадебном садоводстве
_92253697
_3RU\NLR\auth\661351669
686 _aР358.9
686 _aП23,1
700 1 _aЕфремова
_bВ.
_4070
801 0 _aRU
_bNLR
_c20050318
_gPSBO
801 1 _aRU
_bNLR
_c20050318
942 _cBOOK
980 _aNB